00831nam a2200205 a 450000100100000000500170001000800410002702000170006804000250008508200200011010000440013024500580017426000280023230000210026065000360028191000370031795201240035495201300047899900170060800003723020200930080226.0120313s2007 xxu d 000 0 spa d a978993458449 aDO-SdBNPbspacBNPHU aR327.203bV635d1 aVicioso Galán, Horacio,d1968-96364510aDiccionario diplomático /cHoracio Vicioso Galán. a[s.l.] :bBlurb,c2007. a208 p. ;c18 cm. 4aDiplomaciavDICCIONARIOS918194 aValidado. Control de calidad MFF 001056718DSaBNPHUbBNPHUcHDd2012-03-13iLF1l0oR327.203 V635dp37230-10r2020-06-25w2020-06-25y4ZNo se presta 001056718DSaBNPHUbBNPHUcHDd2014-06-18iLF1l0oR327.203 V635dp37230-20r2020-06-25te. 2w2020-06-25y4ZNo se presta c36720d36720